Gaming Quiz

Random Gaming or Console Quiz

Xbox One Game Titles Missing A to Z Quiz Stats

 Plays Quiz not verified by Sporcle

Score 0/26 Timer 04:00
0 Plays Today
% Correct
Grand
93.3%
Call
92.6%
Assassin's
91.7%
Evil
91.2%
Need
90.3%
Redemption
88.7%
Plants
87.1%
Far
86.4%
War
85.5%
Madden
84.3%
Just
83.4%
Band
83.2%
Horizon
77.4%
% Correct
Incredibles
75.1%
Decay
75.1%
Viking
72.8%
Sea
71.2%
Throne
70.3%
Xbox
67.7%
Overboard
62.2%
Yooka
60.8%
Zombie
60.4%
Kill
60.1%
Queen's
49.3%
Little
42.9%
Unicorn
39.6%

You're not logged in!

Compare scores with friends on all Sporcle quizzes.
OR
Log In

Show Comments

Extras

Top Quizzes Today


Score Distribution

Your Account Isn't Verified!

In order to create a playlist on Sporcle, you need to verify the email address you used during registration. Go to your Sporcle Settings to finish the process.

Report this User

Report this user for behavior that violates our Community Guidelines.

Details: